000 00510nam a2200169Ia 4500
003 GCL
008 140319s9999 xx 000 0 ara d
040 _aGCL /
_cGCL
082 0 4 _a811.9
_bر خ
100 1 _aريتا عوض
245 1 0 _aخليل حاوى /
_cريتا عوض
260 _a[S.N] :
_bالمؤسسة العربية للدراسات والنشر ،
_c1984
300 _a88 ص
490 _aاعلام الشعر العربى الحديث
_v0
650 0 4 _aخليل حاوى
942 _2ddc
_cBK
999 _c33184
_d33184